00373nam a22001337a 450000500170000000800410001704100120005808200130007010000120008324500380009526000520013330000290018565000250021420240816095346.0240816b |||||||| |||| 00| 0 eng d aEnglish a349 LAW  lEnglish aThe Law Reports: Probate Division aLondon: bWilliam Clowes and Sons Ltd, c1875-6 bxv, 502 pages; c25 cm.  aLegal practice bLaw